03428nam a2200373 a 4500003000500000005001700005007000300022008004100025020002200066040002300088050002300111082002800134240005100162245015300213250001700366264003200383300005900415336002700474337002700501338002800528504002700556505091600583520108701499650003102586650005002617650002702667650003402694700003902728700004302767700003702810942001502847999001902862952017302881CHAP20230314184040.0ta230314s2018 sp ado|f |||| 001 0 spa d a978-84-200-1163-9 amxchpuacCHAPerda10aTP372.3b.C54 201800a664.02853bC54 201822010aFrozen food science and technology.lEspañol10aCiencia y tecnología de los alimentos congelados / ceditora Judith A. Evans ; traductor Albert Ibarz Ribas ; colaboradores Mark Berry...[y otros] a1a edición aEspaña : bAcribia,c2018 axi, 434 páginas : bilustraciones, gráficas, fotos 2rdacontentatextobtxt 2rdamediaasin mediobn 2rdacarrieravolumenbnc aIncluye bibliografía0 aColaboradores - Prólogo - 1. Propiedades térmicas y desarrollo de cristales de hielo en los alimentos congelados - 2. Efecto de la congelación sobre las propiedades nutricionales y microbiológicas de los alimentos - 3. Modelización de los procesos de congelación - 4. Especificación y selección de plantas de refrigeración y congeladores - 5. Procesos de congelación emergentes y novedosos - 6. Congelación de carne - 7. Congelación de pescado - 8. Congelación de frutas y hortalizas - 9. Congelación de productos de panadería y postres - 10. Desarrollo de productos congelados para el mercado y la congelación de comidas preparadas-listas para comer - 11. Almacenamiento bajo congelación - 12. Liofilización - 13. Transporte de alimentos congelados - 14. Exposición de congelados al por menor - 15. Manejo de alimentos congelados por el consumidor - Índice alfabético.2 aEste libro proporciona una información completa sobre la congelación y el almacenamiento congelado de alimentos. Describe el proceso de congelación y proporciona una comprensión fundamental de los procesos térmicos y físicos que ocurren durante la congelación. Ofrece pautas y consejos sobre cómo congelar alimentos y mantener su calidad durante el almacenamiento, el transporte, la exposición de venta al por menor y en el hogar. Trata aspectos específicos de la congelación sobre: carne, pescado, frutas y verduras. La legislación y los nuevos procesos de congelación también están cubiertos. Muestra un conocimiento profundo de las tecnologías de refrigeración actuales y emergentes a lo largo de toda la cadena de alimentos congelados, lo que permite a los lectores optimizar la calidad de los alimentos congelados. Está dirigido a científicos, tecnólogos e ingenieros de alimentos dentro de la industria de alimentos congelados, minoristas de alimentos congelados, e investigadores y estudiantes de ciencia y tecnología de alimentos.1394302aAlimentos congelados139185265aIndustria de los alimentos congelados139147452aFrozen foods 139158556aFrozen foods industry1 9186397aEvans, Judith A. eeditora1 9154435aIbarz Ribas, Albertetraductor1 9186398aBerry, Markecolaborador 2ddccLibro c218533d218533 00102ddc4051708GRALaIA_bIA_d2022-11-24eCompra El Quijote F 413716018iConsumol0o664.02853 C54 2018p1102014426r2023-03-14 00:00:00tEj. 1w2023-03-14yLIBRO